Cars 3 Characters - Statistics

General Stats
  • This quiz has been taken 164 times
  • The average score is 8 of 15
Answer Stats
Hint Answer % Correct
Rusty tow truck Mater
93%
Red racecar Lightning McQueen
92%
Black rookie Jackson Storm
80%
Blue Porsche Sally
78%
Yellow sports coupe Cruz Ramirez
64%
Lightnings hauler Mack
60%
Lightnings mentor Doc Hudson
54%
Crazy school bus Miss Fritter
49%
Number 42 Dinoco Cal Weathers
48%
Green NASCAR Chick hicks
47%
Old truck Smokey
47%
Number 19 Octane Gain Bobby Swift
30%
Maroon news reporter/Statistical analyser Natalie Certain
21%
Bobby's replacement Daniel Swervez
10%
Bronze news reporter Shannon Spokes
6%
No matching quizzes found
Score Distribution
Percent of People with Each Score
Percentile by Number Answered
Your Score History
You have not taken this quiz